[Event "Bangabandhu-chT"]
[Site "Dhaka"]
[Date "2024.02.11"]
[Round "11.4"]
[White "Avik, Sarker"]
[Black "Suvradeepta, Das"]
[Result "1/2-1/2"]
[WhiteElo "1914"]
[BlackElo "2116"]
[PlyCount "87"]
[EventDate "2024.02.01"]
[EventType "team-tourn"]
[EventRounds "11"]
[EventCountry "BAN"]
[SourceTitle "CB07_2024"]
[SourceDate "2024.02.14"]
[SourceVersion "1"]
[SourceVersionDate "2024.02.14"]
[SourceQuality "1"]
[WhiteTeam "Sheikh Russel CC"]
[BlackTeam "Manha's Castle"]
[WhiteTeamCountry "BAN"]
[BlackTeamCountry "BAN"]

1. d4 Nf6 2. Bf4 c5 3. e3 Qb6 4. Nc3 cxd4 5. Qxd4 Qa5 6. b4 Qb6 7. Qxb6 axb6 8. Bxb8 Rxb8 9. Na4 Nd5 10. a3 Kd8 11. e4 Nf6 12. e5 Nd5 13. c4 Ra8 14. cxd5 Rxa4 15. Bb5 Ra8 16. Nf3 f6 17. 0-0 g6 18. e6 Bh6 19. Rfe1 Bf4 20. a4 Bd6 21. Rab1 dxe6 22. dxe6 Kc7 23. Rbc1+ Kb8 24. Rc4 Rd8 25. g3 Bc7 26. Kg2 Bd6 27. Rh4 Rg8 28. Rd4 Bc7 29. Rc4 Bd6 30. Nd2 g5 31. Kf1 g4 32. f4 gxf3 33. Nxf3 h5 34. Rd4 Bc7 35. Rh4 Rg4 36. Rxh5 Rxb4 37. Rh8 Bd6 38. Bd7 Kc7 39. Rc1+ Bc5 40. a5 Bxd7 41. Rxa8 Bxe6 42. axb6+ Kxb6 43. Nd2 Kc6 44. h4 1/2-1/2

[Event "Bangabandhu-chT"]
[Site "Dhaka"]
[Date "2024.02.06"]
[Round "6.4"]
[White "Muhimenul, Islam"]
[Black "Suvradeepta, Das"]
[Result "0-1"]
[WhiteElo "1950"]
[BlackElo "2116"]
[PlyCount "210"]
[EventDate "2024.02.01"]
[EventType "team-tourn"]
[EventRounds "11"]
[EventCountry "BAN"]
[SourceTitle "CB07_2024"]
[SourceDate "2024.02.14"]
[SourceVersion "1"]
[SourceVersionDate "2024.02.14"]
[SourceQuality "1"]
[WhiteTeam "Uttara Central CC"]
[BlackTeam "Manha's Castle"]
[WhiteTeamCountry "BAN"]
[BlackTeamCountry "BAN"]

1. c4 c5 2. Nf3 Nc6 3. Nc3 e5 4. g3 Nge7 5. Bg2 d6 6. d3 g6 7. Bg5 Bg7 8. Ne4 f5 9. Nf6+ Kf7 10. Nd5 h6 11. Bxe7 Nxe7 12. Nd2 Kg8 13. Rb1 a5 14. a4 Nc6 15. 0-0 Kh7 16. e3 Re8 17. Re1 Be6 18. b3 Rb8 19. Qe2 Qd7 20. Rbc1 Qf7 21. Nb1 Rbd8 22. Nbc3 Rf8 23. Qd2 h5 24. h4 Bh6 25. f4 Bg7 26. Kh2 Nb4 27. Re2 Rfe8 28. Rd1 Rf8 29. Rf1 Nc6 30. Rd1 Qd7 31. Nb6 Qc7 32. Nbd5 Qb8 33. Bf3 Rde8 34. Bg2 Qd8 35. Rde1 Bg8 36. Kh3 Be6 37. Kh2 Bc8 38. Nb5 Rf7 39. Bh1 Be6 40. Nbc3 Qb8 41. Bg2 Rff8 42. Rd1 Bg8 43. Rde1 Bf7 44. Kh3 Bg8 45. Nb6 Qd8 46. Nbd5 Bh6 47. Qd1 Bg7 48. Qd2 Be6 49. Kh2 Kh8 50. Bf3 Kg8 51. Nb5 Rf7 52. Qd1 Kh7 53. Qd2 Bc8 54. Nbc3 Rff8 55. Nb5 Rf7 56. Nbc3 Nb4 57. Bg2 Rff8 58. Bf3 Nc6 59. Bg2 exf4 60. Nxf4 Ne5 61. Ncd5 Ng4+ 62. Kh1 Be5 63. d4 Bg7 64. Bf3 Bh6 65. Bxg4 fxg4 66. dxc5 dxc5 67. Rd1 Bf5 68. Kh2 Be4 69. Rde1 Bf3 70. Rf2 Bg7 71. Kg1 Be5 72. Kh2 b6 73. Qd3 Rf5 74. Rd2 Kh6 75. Kg1 Qd6 76. Rf1 Rb8 77. Kh2 Qf8 78. Rdf2 Qg7 79. Qd2 Be4 80. Kg1 Rd8 81. Ne6 Qd7 82. Nxd8 Qxd8 83. Nf4 Qf6 84. Rd1 Bf3 85. Rdf1 Be4 86. Qd7 Bc6 87. Qd3 Qh8 88. Nxg6 Rxf2 89. Nxh8 Rg2+ 90. Kh1 Rxg3+ 91. e4 Rxd3 92. Nf7+ Kg7 93. Nxe5 Bxe4+ 94. Kg1 Rg3+ 95. Kf2 Rxb3 96. Ke2 Bg6 97. Rd1 Kf6 98. Rd5 Be4 99. Nd7+ Ke7 100. Re5+ Kxd7 101. Rxe4 Rh3 102. Re5 Rxh4 103. Kf2 Rh3 104. Rg5 Rc3 105. Rxh5 Rxc4 0-1

[Event "Badalona op 47th"]
[Site "Badalona"]
[Date "2023.08.08"]
[Round "7"]
[White "Suvradeepta, Das"]
[Black "Subhayan, Kundu"]
[Result "0-1"]
[WhiteElo "2122"]
[BlackElo "2341"]
[PlyCount "86"]
[EventDate "2023.08.02"]
[EventType "swiss"]
[EventRounds "9"]
[EventCountry "ESP"]
[SourceTitle "CBM 215 Extra"]
[Source "ChessBase"]
[SourceDate "2023.09.30"]
[SourceVersion "1"]
[SourceVersionDate "2023.09.30"]
[SourceQuality "1"]

1. e4 c5 2. Nf3 e6 3. g3 Nc6 4. Bg2 Nf6 5. Nc3 e5 6. 0-0 d6 7. d3 h6 8. Nd5 Nxd5 9. exd5 Ne7 10. Nd2 g6 11. Nc4 Bg7 12. f4 0-0 13. a4 h5 14. Re1 f6 15. Rb1 Bg4 16. Qd2 Qd7 17. a5 Bh6 18. Qf2 g5 19. b4 cxb4 20. Qd2 b3 21. Rxb3 exf4 22. Qb4 Ng6 23. Qxd6 Qg7 24. h3 Bf5 25. Qb4 g4 26. hxg4 hxg4 27. Nd6 Bd7 28. Bxf4 Bxf4 29. gxf4 Nh4 30. Kf2 g3+ 31. Kg1 Qh6 32. Re3 Nf3+ 33. Rxf3 Qh2+ 34. Kf1 Bh3 35. Rxg3+ Qxg3 36. Qd2 Qh2 37. Qf2 Qh1+ 38. Ke2 Qxg2 39. d4 Bg4+ 40. Ke1 Qxf2+ 41. Kxf2 Rad8 42. Nxb7 Rxd5 43. c3 Rb8 0-1

[Event "Badalona op 47th"]
[Site "Badalona"]
[Date "2023.08.04"]
[Round "3"]
[White "Suvradeepta, Das"]
[Black "Miranda Mesa, Elier"]
[Result "0-1"]
[WhiteElo "2122"]
[BlackElo "2500"]
[PlyCount "54"]
[EventDate "2023.08.02"]
[EventType "swiss"]
[EventRounds "9"]
[EventCountry "ESP"]
[SourceTitle "CBM 215 Extra"]
[Source "ChessBase"]
[SourceDate "2023.09.30"]
[SourceVersion "1"]
[SourceVersionDate "2023.09.30"]
[SourceQuality "1"]

1. d4 d5 2. c4 e6 3. g3 a6 4. Nd2 dxc4 5. Ngf3 b5 6. Qc2 Bb7 7. b3 cxb3 8. Nxb3 Nf6 9. Bg2 Nbd7 10. 0-0 Be4 11. Qb2 Be7 12. Bd2 0-0 13. Rac1 Nb6 14. Na5 Na4 15. Qb3 c5 16. dxc5 Bxf3 17. Bxf3 Qxd2 18. Bxa8 Qxa5 19. Bf3 Nxc5 20. Qb1 Na4 21. Qc2 Ba3 22. Qc7 Qxc7 23. Rxc7 b4 24. Rd1 Nc3 25. Rd2 a5 26. Ra7 a4 27. Rc2 Rb8 0-1

[Event "Sitges op 47th"]
[Site "Sitges"]
[Date "2023.07.27"]
[Round "6"]
[White "Dhruva, Thota"]
[Black "Suvradeepta, Das"]
[Result "1-0"]
[WhiteElo "2079"]
[BlackElo "2110"]
[PlyCount "61"]
[EventDate "2023.07.22"]
[EventType "swiss"]
[EventRounds "9"]
[EventCountry "ESP"]
[SourceTitle "CBM 215 Extra"]
[Source "ChessBase"]
[SourceDate "2023.09.30"]
[SourceVersion "1"]
[SourceVersionDate "2023.09.30"]
[SourceQuality "1"]

1. e4 c6 2. d4 d5 3. e5 Bf5 4. h4 h5 5. Bd3 Bxd3 6. Qxd3 e6 7. Nf3 Qa5+ 8. Nbd2 Nh6 9. 0-0 Nf5 10. Nb3 Qa6 11. Qd1 Nd7 12. Bg5 Rc8 13. Re1 b6 14. c3 g6 15. a4 Be7 16. Qd2 Bxg5 17. Qxg5 Kf8 18. Nc1 c5 19. Ne2 Qb7 20. Nf4 Ng7 21. c4 dxc4 22. d5 Re8 23. Rad1 Kg8 24. dxe6 Nxe6 25. Nxe6 Rxe6 26. Qd8+ Nf8 27. Ng5 Re7 28. e6 f6 29. Ne4 Kg7 30. Nd6 Nxe6 31. Nxb7 1-0

[Event "Barcelona Sant Marti op-A 23rd"]
[Site "Barcelona"]
[Date "2023.07.20"]
[Round "8"]
[White "Suvradeepta, Das"]
[Black "Cordoba Roa, Angel Gabriel"]
[Result "1/2-1/2"]
[WhiteElo "2110"]
[BlackElo "2339"]
[PlyCount "53"]
[EventDate "2023.07.13"]
[EventType "swiss"]
[EventRounds "9"]
[EventCountry "ESP"]
[SourceTitle "CBM 215 Extra"]
[Source "ChessBase"]
[SourceDate "2023.09.30"]
[SourceVersion "1"]
[SourceVersionDate "2023.09.30"]
[SourceQuality "1"]

1. Nf3 d5 2. g3 Nf6 3. Bg2 c5 4. 0-0 Nc6 5. d4 cxd4 6. Nxd4 e5 7. Nxc6 bxc6 8. c4 Be6 9. Nc3 Rc8 10. cxd5 cxd5 11. Qa4+ Qd7 12. Qxd7+ Kxd7 13. Rd1 Bc5 14. Nxd5 Nxd5 15. Bxd5 Bxd5 16. Rxd5+ Ke6 17. Rd3 Rhd8 18. Bd2 Bd4 19. Bg5 f6 20. Be3 Bxe3 21. Rxe3 Rd2 22. b4 Rcc2 23. a3 Rxe2 24. Rxe2 Rxe2 25. Rc1 Rd2 26. Rc7 Rd7 27. Rc6+ 1/2-1/2

[Event "Barcelona Sant Marti op-A 23rd"]
[Site "Barcelona"]
[Date "2023.07.19"]
[Round "7"]
[White "Fernandez Madrid, Carlos"]
[Black "Suvradeepta, Das"]
[Result "0-1"]
[WhiteElo "2053"]
[BlackElo "2110"]
[PlyCount "92"]
[EventDate "2023.07.13"]
[EventType "swiss"]
[EventRounds "9"]
[EventCountry "ESP"]
[SourceTitle "CBM 215 Extra"]
[Source "ChessBase"]
[SourceDate "2023.09.30"]
[SourceVersion "1"]
[SourceVersionDate "2023.09.30"]
[SourceQuality "1"]

1. c4 g6 2. g3 Bg7 3. Bg2 c5 4. Nf3 Nc6 5. 0-0 d6 6. Nc3 Bd7 7. e3 Qc8 8. d4 Nh6 9. Nd5 Nf5 10. dxc5 dxc5 11. e4 Nfd4 12. Nxd4 cxd4 13. Bf4 0-0 14. Bg5 Re8 15. Qd2 Bh8 16. b4 f6 17. Bh6 e6 18. Rac1 Ne5 19. f4 Nf7 20. f5 exd5 21. cxd5 Qd8 22. fxg6 hxg6 23. Bf4 g5 24. Bc7 Qe7 25. Qxd4 f5 26. Qc4 fxe4 27. d6 Qe6 28. Bxe4 Bd4+ 29. Qxd4 Qxe4 30. Qf6 Qe3+ 31. Kg2 Qe6 32. Rcd1 Qxf6 33. Rxf6 Re2+ 34. Rf2 Rae8 35. Rd2 Bc6+ 36. Kh3 Bd7+ 37. Kg2 Rxd2 38. Rxd2 g4 39. Kf2 Ng5 40. Rd5 Nh3+ 41. Kf1 Kf7 42. a4 Re4 43. Rh5 Kg6 44. Ra5 a6 45. b5 Be6 46. bxa6 Bc4+ 0-1

[Event "Barcelona Sant Marti op-A 23rd"]
[Site "Barcelona"]
[Date "2023.07.18"]
[Round "6"]
[White "Suvradeepta, Das"]
[Black "Dominguez Laguna, Eduard"]
[Result "1-0"]
[WhiteElo "2110"]
[BlackElo "1925"]
[PlyCount "99"]
[EventDate "2023.07.13"]
[EventType "swiss"]
[EventRounds "9"]
[EventCountry "ESP"]
[SourceTitle "CBM 215 Extra"]
[Source "ChessBase"]
[SourceDate "2023.09.30"]
[SourceVersion "1"]
[SourceVersionDate "2023.09.30"]
[SourceQuality "1"]

1. d4 d5 2. c4 e6 3. g3 Nf6 4. Bg2 Be7 5. Nf3 0-0 6. 0-0 dxc4 7. Qc2 a6 8. a4 Bd7 9. Qxc4 Bc6 10. Bg5 Bd5 11. Qc2 Be4 12. Qc4 Bd5 13. Qc2 Be4 14. Qd1 h6 15. Bxf6 Bxf6 16. Nc3 Bh7 17. Qb3 Nc6 18. a5 Rb8 19. Rfd1 Qe7 20. d5 Ne5 21. Bh3 Nxf3+ 22. exf3 Bf5 23. Bxf5 exf5 24. Ra4 b5 25. Raa1 Rfe8 26. Qc2 g6 27. Qd2 Kg7 28. d6 cxd6 29. Nd5 Qe5 30. Rab1 Rbc8 31. f4 Qe4 32. Nxf6 Kxf6 33. Re1 Qc4 34. Qxd6+ Re6 35. Rxe6+ fxe6 36. Qxa6 Rd8 37. Re1 Rd2 38. Qa8 Kf7 39. Qb7+ Kf6 40. Qb8 Kf7 41. Qb7+ Kf6 42. a6 Qc5 43. Rf1 Qd5 44. Qb8 Kf7 45. a7 Rd1 46. a8Q Rxf1+ 47. Kxf1 Qc4+ 48. Kg2 Qe4+ 49. Qxe4 fxe4 50. Qxb5 1-0

[Event "Barbera del Valles op 45th"]
[Site "Barbera del Valles"]
[Date "2023.07.11"]
[Round "8"]
[White "Suvradeepta, Das"]
[Black "Kshatriya, Nitin Vekhande"]
[Result "1/2-1/2"]
[WhiteElo "2110"]
[BlackElo "2033"]
[PlyCount "110"]
[EventDate "2023.07.04"]
[EventType "swiss"]
[EventRounds "9"]
[EventCountry "ESP"]
[SourceTitle "CBM 215 Extra"]
[Source "ChessBase"]
[SourceDate "2023.09.30"]
[SourceVersion "1"]
[SourceVersionDate "2023.09.30"]
[SourceQuality "1"]

1. d4 Nf6 2. c4 e6 3. g3 d5 4. Bg2 Be7 5. Nf3 0-0 6. 0-0 dxc4 7. Qc2 a6 8. a4 Bd7 9. Qxc4 Bc6 10. Bg5 Nbd7 11. Nc3 a5 12. Rfd1 h6 13. Bxf6 Nxf6 14. Qb3 Bb4 15. Ne5 Bxg2 16. Kxg2 Ra6 17. Kg1 Qe7 18. Rac1 c6 19. Qc4 Rd8 20. Nd3 Rb6 21. Na2 Bd6 22. Qc2 Nd5 23. e4 Nb4 24. Naxb4 Bxb4 25. Ne5 Bd6 26. Nc4 Rb4 27. Rd2 Bc7 28. Rcd1 Rd7 29. b3 Qd8 30. Rd3 b5 31. Ne3 bxa4 32. bxa4 Rbxd4 33. Rxd4 Rxd4 34. Rxd4 Qxd4 35. Qxc6 Bb6 36. Kg2 Qb2 37. Kf3 Bxe3 38. Kxe3 Qb3+ 39. Kd4 Kh7 40. Qb5 Qd1+ 41. Kc5 Qd2 42. Kb6 Qd8+ 43. Kb7 Qd2 44. Ka6 Qxf2 45. Kxa5 Qxh2 46. Qd3 Qf2 47. Kb5 Qb2+ 48. Kc6 Qe5 49. Kd7 f5 50. exf5 exf5 51. Qb5 Qd4+ 52. Kc7 Qa7+ 53. Kc6 Qa8+ 54. Kc5 Qe4 55. a5 Qe5+ 1/2-1/2

[Event "Barbera del Valles op 45th"]
[Site "Barbera del Valles"]
[Date "2023.07.04"]
[Round "1"]
[White "Solodovnichenko, Yuri"]
[Black "Suvradeepta, Das"]
[Result "1/2-1/2"]
[WhiteElo "2520"]
[BlackElo "2110"]
[PlyCount "96"]
[EventDate "2023.07.04"]
[EventType "swiss"]
[EventRounds "9"]
[EventCountry "ESP"]
[SourceTitle "CBM 215 Extra"]
[Source "ChessBase"]
[SourceDate "2023.09.30"]
[SourceVersion "1"]
[SourceVersionDate "2023.09.30"]
[SourceQuality "1"]

1. e4 c6 2. d4 d5 3. Nc3 dxe4 4. Nxe4 Bf5 5. Ng3 Bg6 6. h4 h6 7. Nf3 Nd7 8. h5 Bh7 9. Bd3 Bxd3 10. Qxd3 e6 11. Bd2 Ngf6 12. 0-0-0 Be7 13. Kb1 c5 14. Qe2 cxd4 15. Nxd4 0-0 16. Be3 Kh8 17. Nf1 Nd5 18. Rh3 Bf6 19. Bc1 Qa5 20. c4 N5b6 21. Nb5 Qb4 22. b3 Qc5 23. Rhd3 Qe5 24. Qxe5 Nxe5 25. R3d2 Kg8 26. Ba3 Rfc8 27. Nd6 Rc7 28. Ne4 Be7 29. Bxe7 Rxe7 30. Ne3 f5 31. Nc5 Rc8 32. Rd8+ Rxd8 33. Rxd8+ Kf7 34. f4 Nc6 35. Rh8 Rc7 36. g4 Ne7 37. Rf8+ Kxf8 38. Nxe6+ Kf7 39. Nxc7 g6 40. gxf5 gxh5 41. Nb5 Nbc8 42. c5 h4 43. Nd4 h3 44. Ng4 h5 45. Nf2 h2 46. Kc2 Nd5 47. Nf3 Nxf4 48. Nxh2 Kf6 1/2-1/2

[Event "Dhaka Marcel 1st Division"]
[Site "Dhaka"]
[Date "2019.11.15"]
[Round "4.1"]
[White "Suvradeepta, Das"]
[Black "Imam, Farhadur"]
[Result "1-0"]
[WhiteElo "1997"]
[BlackElo "2033"]
[PlyCount "24"]
[EventDate "2019.11.12"]
[EventType "team-tourn"]
[EventRounds "9"]
[EventCountry "BAN"]
[SourceTitle "CBM 193 Extra"]
[Source "ChessBase"]
[SourceDate "2020.01.31"]
[SourceVersion "1"]
[SourceVersionDate "2020.01.31"]
[SourceQuality "1"]
[WhiteTeam "Khelaghar Daba Sangah"]
[BlackTeam "Basir Memorial"]
[WhiteTeamCountry "BAN"]
[BlackTeamCountry "BAN"]

1. c4 c6 2. g3 d5 3. Bg2 g6 4. Nf3 Bg7 5. 0-0 Nf6 6. d4 0-0 7. b3 Ne4 8. Bb2 Nd7 9. Nbd2 Nxd2 10. Qxd2 dxc4 11. bxc4 e5 12. d5 cxd5 1-0

[Event "BAN Walton 1st League"]
[Site "Dhaka"]
[Date "2018.11.03"]
[Round "10.3"]
[White "Mohammad, Alamgir1111"]
[Black "Suvradeepta, Das"]
[Result "0-1"]
[WhiteElo "1817"]
[BlackElo "2005"]
[PlyCount "144"]
[EventDate "2018.10.25"]
[EventType "team-tourn"]
[EventRounds "11"]
[EventCountry "BAN"]
[SourceTitle "CBM 187 Extra"]
[Source "ChessBase"]
[SourceDate "2018.11.04"]
[SourceVersion "1"]
[SourceVersionDate "2018.11.04"]
[SourceQuality "1"]
[WhiteTeam "Kasparov CC"]
[BlackTeam "Agrani Bank Daba Dal"]
[WhiteTeamCountry "BAN"]
[BlackTeamCountry "BAN"]

1. e4 e6 2. d4 d5 3. e5 c5 4. c3 Nc6 5. Nf3 Bd7 6. Bd3 Qb6 7. dxc5 Bxc5 8. 0-0 Qc7 9. Qe2 Nge7 10. Nbd2 h6 11. b4 Bb6 12. a4 a5 13. b5 Na7 14. c4 0-0 15. Ba3 Bc5 16. cxd5 Bxa3 17. Rxa3 exd5 18. Qe3 Nac8 19. Rc3 Qd8 20. Nd4 Nb6 21. Bc2 Rc8 22. Qd3 g6 23. Rxc8 Qxc8 24. Qe3 Kg7 25. Bb3 Qc7 26. e6 fxe6 27. Nxe6+ Bxe6 28. Qxe6 Rf6 29. Qe3 Nf5 30. Qd3 Qc5 31. Nf3 Nd6 32. Qd2 Ndc4 33. Qc3 Qb4 34. Qc2 Re6 35. h3 Kh7 36. Rd1 Re7 37. h4 Na3 38. Qd3 Qe4 39. Bxd5 Qxd3 40. Rxd3 Nc2 41. Bb3 Nb4 42. Rd6 Nd7 43. Rd4 Nc5 44. Bd1 Kg7 45. Kf1 Kf6 46. g4 Na2 47. Rd5 b6 48. Rd6+ Re6 49. Rxe6+ Kxe6 50. Bc2 Nc3 51. Bxg6 N3xa4 52. Nd2 Nc3 53. Nc4 Nxb5 54. Nxb6 a4 55. Bb1 Nc3 56. Nxa4 N5xa4 57. Bf5+ Ke5 58. Kg2 Kf4 59. f3 Nc5 60. Kf2 Nb3 61. Bd7 Nc5 62. Bc6 Nd3+ 63. Kg2 Ne5 64. Bb7 Ng6 65. Kh3 Ne5 66. Kg2 Nd1 67. g5 h5 68. Be4 Nc3 69. Bb7 Ne2 70. Be4 Ng3 71. g6 Nxe4 72. g7 Nf6 0-1

[Event "BAN Walton 1st League"]
[Site "Dhaka"]
[Date "2018.11.01"]
[Round "8.2"]
[White "Suvradeepta, Das"]
[Black "Sambarta, Banerjee"]
[Result "1-0"]
[WhiteElo "2005"]
[BlackElo "1883"]
[PlyCount "109"]
[EventDate "2018.10.25"]
[EventType "team-tourn"]
[EventRounds "11"]
[EventCountry "BAN"]
[SourceTitle "CBM 187 Extra"]
[Source "ChessBase"]
[SourceDate "2018.11.04"]
[SourceVersion "1"]
[SourceVersionDate "2018.11.04"]
[SourceQuality "1"]
[WhiteTeam "Agrani Bank Daba Dal"]
[BlackTeam "Basir Memorial"]
[WhiteTeamCountry "BAN"]
[BlackTeamCountry "BAN"]

1. c4 Nf6 2. Nc3 e6 3. e4 d5 4. cxd5 exd5 5. e5 Ne4 6. Nf3 Be7 7. Nxe4 dxe4 8. Qa4+ Bd7 9. Qxe4 Bc6 10. Qe3 0-0 11. Be2 Nd7 12. 0-0 Nb6 13. Nd4 Bd5 14. Nf5 Be6 15. Nxe7+ Qxe7 16. f4 f5 17. b3 a5 18. Bb2 Nd5 19. Qd4 Rfd8 20. Rfc1 c6 21. Qf2 a4 22. Bd4 axb3 23. axb3 Rxa1 24. Rxa1 Qb4 25. Bc4 Qe7 26. Bc5 Qd7 27. Ra7 Qc8 28. Bd6 Kh8 29. h3 Re8 30. Qd4 Rd8 31. g3 Rg8 32. h4 b5 33. Be2 Qe8 34. Kf2 Qg6 35. Bf3 Rc8 36. Qc5 Qe8 37. Qa3 Rd8 38. Qa6 Bc8 39. Qa5 Be6 40. Bh5 Qg8 41. Qa6 Rc8 42. Qb7 b4 43. Be2 h6 44. Ba6 Qh7 45. Ra8 Rxa8 46. Qxa8+ Qg8 47. Qxc6 Qd8 48. Bc4 Nxf4 49. gxf4 Qxh4+ 50. Ke2 Qh2+ 51. Kd3 Qg3+ 52. Kc2 Bxc4 53. Qxc4 Qe1 54. e6 Qa1 55. Be5 1-0

[Event "BAN Walton 1st League"]
[Site "Dhaka"]
[Date "2018.10.28"]
[Round "4.3"]
[White "Suvradeepta, Das"]
[Black "Shawket Bin, Osman Shaon"]
[Result "0-1"]
[WhiteElo "2005"]
[BlackElo "2084"]
[PlyCount "118"]
[EventDate "2018.10.25"]
[EventType "team-tourn"]
[EventRounds "11"]
[EventCountry "BAN"]
[SourceTitle "CBM 187 Extra"]
[Source "ChessBase"]
[SourceDate "2018.11.04"]
[SourceVersion "1"]
[SourceVersionDate "2018.11.04"]
[SourceQuality "1"]
[WhiteTeam "Agrani Bank Daba Dal"]
[BlackTeam "Mir CC"]
[WhiteTeamCountry "BAN"]
[BlackTeamCountry "BAN"]

1. c4 c6 2. d4 d5 3. Nf3 Nf6 4. e3 e6 5. Bd3 dxc4 6. Bxc4 b5 7. Bd3 a6 8. 0-0 Bb7 9. Qe2 Nbd7 10. a4 b4 11. Nbd2 c5 12. Nb3 Bd6 13. Rd1 cxd4 14. Nbxd4 Nc5 15. Bc4 0-0 16. Bd2 Qb8 17. h3 Nce4 18. Be1 Rc8 19. Nb3 Qc7 20. Rac1 Qb6 21. Nfd4 Rd8 22. a5 Qa7 23. Bd3 Nc5 24. Nxc5 Bxc5 25. Nb3 Be7 26. Nd2 Rac8 27. Nc4 Qc5 28. Nb6 Qxc1 29. Rxc1 Rxc1 30. Kh2 Rxe1 31. Qxe1 Rxd3 32. Qc1 g6 33. Nc8 Bxc8 34. Qxc8+ Kg7 35. Qxa6 Rd2 36. Qb7 Bd6+ 37. f4 Bc5 38. e4 Rxb2 39. a6 Ra2 40. Kh1 Ra1+ 41. Kh2 Bg1+ 42. Kh1 Be3+ 43. Kh2 Bxf4+ 44. g3 Ra2+ 45. Kh1 Be3 46. Qxb4 Rxa6 47. Kg2 e5 48. Kf3 Bd4 49. g4 h6 50. h4 Ra2 51. g5 Rf2+ 52. Kg3 Nh5+ 53. Kg4 hxg5 54. hxg5 Rf4+ 55. Kh3 Rxe4 56. Qe7 Re1 57. Kg4 Rf1 58. Kh3 Rf5 59. Kg4 Nf4 0-1

[Event "BAN Walton 1st League"]
[Site "Dhaka"]
[Date "2018.10.27"]
[Round "3.3"]
[White "Faisal, Hossain"]
[Black "Suvradeepta, Das"]
[Result "0-1"]
[WhiteElo "1929"]
[BlackElo "2005"]
[PlyCount "130"]
[EventDate "2018.10.25"]
[EventType "team-tourn"]
[EventRounds "11"]
[EventCountry "BAN"]
[SourceTitle "CBM 187 Extra"]
[Source "ChessBase"]
[SourceDate "2018.11.04"]
[SourceVersion "1"]
[SourceVersionDate "2018.11.04"]
[SourceQuality "1"]
[WhiteTeam "Khelaghor Daba Sangah"]
[BlackTeam "Agrani Bank Daba Dal"]
[WhiteTeamCountry "BAN"]
[BlackTeamCountry "BAN"]

1. e4 e6 2. d4 d5 3. Nd2 c5 4. exd5 exd5 5. Ngf3 Nc6 6. dxc5 Bxc5 7. Nb3 Be7 8. Bd3 Nf6 9. h3 0-0 10. c3 h6 11. 0-0 Qc7 12. Nbd4 Re8 13. Re1 Bd7 14. Be3 Na5 15. Nd2 Nc4 16. Nxc4 dxc4 17. Bc2 Bc6 18. Nxc6 Qxc6 19. Bd4 Bc5 20. Bxc5 Qxc5 21. Qf3 Qb5 22. b4 Qd5 23. Qf4 Nh5 24. Qc1 g5 25. Qd1 Nf4 26. f3 Qxd1 27. Raxd1 Ne2+ 28. Kf2 Nxc3 29. Rd4 Red8 30. Ke3 Nd5+ 31. Kf2 Nc3 32. Ke3 Nxa2 33. Rxc4 b5 34. Re4 Rac8 35. Bb1 Nc3 36. Re5 Re8 37. f4 gxf4+ 38. Kxf4 Rxe5 39. Rxe5 Nxb1 40. Rxb5 Rc7 41. Ke5 Kg7 42. Kd6 Rc2 43. Ra5 Rxg2 44. Rxa7 Nc3 45. Rb7 Rg3 46. b5 Nxb5+ 47. Rxb5 Rxh3 48. Rf5 Re3 49. Kd5 Kg6 50. Rf2 f5 51. Kd4 Re4+ 52. Kd3 Kg5 53. Rg2+ Kf4 54. Rh2 Re6 55. Rf2+ Kg4 56. Rg2+ Kf3 57. Rh2 Rd6+ 58. Kc4 f4 59. Kc5 Rd8 60. Rxh6 Kg2 61. Rg6+ Kf2 62. Kc4 f3 63. Kc3 Kf1 64. Rf6 f2 65. Rg6 Rd5 0-1

[Event "BAN Walton 1st League"]
[Site "Dhaka"]
[Date "2018.10.26"]
[Round "2.2"]
[White "Mohammad Salman, Munshi"]
[Black "Suvradeepta, Das"]
[Result "0-1"]
[WhiteElo "1668"]
[BlackElo "2005"]
[PlyCount "100"]
[EventDate "2018.10.25"]
[EventType "team-tourn"]
[EventRounds "11"]
[EventCountry "BAN"]
[SourceTitle "CBM 187 Extra"]
[Source "ChessBase"]
[SourceDate "2018.11.04"]
[SourceVersion "1"]
[SourceVersionDate "2018.11.04"]
[SourceQuality "1"]
[WhiteTeam "Legend Faraz Ayaiz"]
[BlackTeam "Agrani Bank Daba Dal"]
[WhiteTeamCountry "BAN"]
[BlackTeamCountry "BAN"]

1. g4 d5 2. Bg2 c6 3. h3 e5 4. e4 dxe4 5. Nc3 Nf6 6. Nxe4 Be6 7. d3 Nxe4 8. Bxe4 Nd7 9. Nf3 Nc5 10. Qe2 Nxe4 11. dxe4 Be7 12. Bd2 Qc7 13. a3 0-0 14. 0-0-0 b5 15. Bg5 f6 16. Bd2 c5 17. Qxb5 c4 18. Qa6 Bf7 19. Bc3 Rfb8 20. Ba5 Qc5 21. Rd2 Rxb2 22. Bb4 Rxb4 23. axb4 Qxb4 24. Qa1 Rb8 25. Rd7 Bg6 26. Re1 Bc5 27. c3 Qb5 28. Rd2 Ba3+ 29. Kd1 Qb3+ 30. Ke2 Bxe4 31. Nh4 Bd3+ 32. Kf3 Bb2 33. Qxa7 Bxc3 34. Rxd3 cxd3 35. Nf5 Qb7+ 36. Qxb7 Rxb7 37. Rd1 Rd7 38. Ke4 g6 39. Ne3 Rd4+ 40. Kf3 Kf7 41. Rc1 Bd2 42. Rc7+ Ke6 43. Nd1 Rf4+ 44. Kg2 Rb4 45. f3 Bg5 46. Rxh7 Rb1 47. Nc3 d2 48. h4 Rc1 49. hxg5 Rxc3 50. gxf6 Kd5 0-1

[Event "Gujarat op 1st"]
[Site "Ahmedabad"]
[Date "2018.10.10"]
[Round "8"]
[White "Suvradeepta, Das"]
[Black "Ikramul, Haque Siam"]
[Result "1/2-1/2"]
[WhiteElo "2005"]
[BlackElo "2180"]
[PlyCount "97"]
[EventDate "2018.10.05"]
[EventType "swiss"]
[EventRounds "10"]
[EventCountry "IND"]
[SourceTitle "CBM 186 Extra"]
[Source "ChessBase"]
[SourceDate "2018.08.24"]
[SourceVersion "1"]
[SourceVersionDate "2018.08.24"]
[SourceQuality "1"]

1. c4 e5 2. Nc3 Bb4 3. Nd5 Bc5 4. e3 c6 5. d4 Bf8 6. Nc3 d6 7. Nf3 Nd7 8. Be2 Ngf6 9. 0-0 Be7 10. b4 0-0 11. Bb2 Re8 12. Qc2 Bf8 13. Rfd1 e4 14. Nd2 d5 15. cxd5 cxd5 16. Qb3 Nb6 17. Rdc1 Bg4 18. Bf1 Rc8 19. a4 Bd6 20. g3 Be6 21. a5 Nbd7 22. Na4 Qe7 23. Nc5 Bf5 24. Nxb7 Bxb4 25. Bc3 Rxc3 26. Rxc3 Rb8 27. a6 Bxc3 28. Qxc3 Nb6 29. Qc5 Kf8 30. Nb3 Rc8 31. Qxe7+ Kxe7 32. N3c5 Ne8 33. Be2 Bd7 34. f3 f5 35. h3 Nd6 36. f4 Rg8 37. Kf2 g5 38. fxg5 Rxg5 39. Nxd6 Kxd6 40. Nxd7 Kxd7 41. Bb5+ Kd8 42. Bc6 Rg7 43. Ra5 Rc7 44. Bxd5 Rc2+ 45. Kf1 Rc3 46. Kf2 Rc2+ 47. Kf1 Rc3 48. Kf2 Rc2+ 49. Kf1 1/2-1/2

[Event "Gujarat op 1st"]
[Site "Ahmedabad"]
[Date "2018.10.09"]
[Round "7"]
[White "Niraj, Saripalli"]
[Black "Suvradeepta, Das"]
[Result "1/2-1/2"]
[WhiteElo "2206"]
[BlackElo "2005"]
[PlyCount "61"]
[EventDate "2018.10.05"]
[EventType "swiss"]
[EventRounds "10"]
[EventCountry "IND"]
[SourceTitle "CBM 186 Extra"]
[Source "ChessBase"]
[SourceDate "2018.08.24"]
[SourceVersion "1"]
[SourceVersionDate "2018.08.24"]
[SourceQuality "1"]

1. e4 e6 2. d4 d5 3. Bd3 dxe4 4. Bxe4 Nf6 5. Bf3 Be7 6. Ne2 0-0 7. 0-0 c5 8. Nbc3 Nc6 9. Be3 cxd4 10. Nxd4 Ne5 11. Qe2 Nxf3+ 12. Qxf3 Qc7 13. Ndb5 Qa5 14. Bf4 a6 15. Bd6 Bxd6 16. Nxd6 Qc7 17. Rad1 Rb8 18. Qg3 b5 19. Nce4 Nxe4 20. Nxe4 Qxg3 21. hxg3 Bb7 22. Nc5 Rfe8 23. Rd7 Bc8 24. Ra7 Rb6 25. Rd1 b4 26. Rc7 e5 27. Rd5 f6 28. Nd7 Rb7 29. Rdc5 Rxc7 30. Rxc7 Bxd7 31. Rxd7 1/2-1/2